| 000 | 00534nam a22001697a 4500 | ||
|---|---|---|---|
| 003 | OSt | ||
| 005 | 20250630090524.0 | ||
| 008 | 250624b |||||||| |||| 00| 0 eng d | ||
| 040 | _cAIMIT LIBRARY | ||
| 100 |
_aMenezes, Alory. _e222101 _9215909 |
||
| 245 |
_aStaff termination prediction using GenAI / _cBy Alroy Menezes |
||
| 260 |
_aMangalore ; _c2024. |
||
| 700 |
_aHemalatha N. _eMentor _9215910 |
||
| 700 |
_aRai, Bhavya. _eGuide _9215911 |
||
| 856 | _3MResult Technologies Private Limited Kodialbail, Mangalore | ||
| 942 |
_2ddc _cPRO |
||
| 999 |
_c234520 _d234520 |
||